000 00545nam a22001937a 4500
005 20251108175719.0
008 250721s2020 xx 000 0 ara d
082 1 4 _aط/ق/قرب
100 1 _aقريان، بينار
245 1 0 _aلغز الصندوق /
264 1 _aبيروت :
_bالربيع،
_c2020.
300 _a112ص.
490 0 _aنسيم المشاغب
650 1 7 _aالقصص القصيره
653 _aناشئون صغار (10-14)سنه
700 1 _aبكيرة، فاطمة
942 _2ddc
_cBK
999 _c140635
_d140635